Caddo lake / directed and written by Celine Held, Logan George ; produced by M. Night Shyamalan, Ashwin Rajan, Kara Durrett, Josh Godfrey. (Record no. 20967)

000 -LEADER
fixed length control field 01730nam a22002897a 4500
008 - FIXED-LENGTH DATA ELEMENTS--GENERAL INFORMATION
fixed length control field 250528b xxu||||| |||| 00| 0 eng d
040 ## - CATALOGING SOURCE
Original cataloging agency Cagayan State University
Description conventions RDA
082 ## - DEWEY DECIMAL CLASSIFICATION NUMBER
Classification number 791.4372
Item number C121 2024
245 ## - TITLE STATEMENT
Title Caddo lake / directed and written by Celine Held, Logan George ; produced by M. Night Shyamalan, Ashwin Rajan, Kara Durrett, Josh Godfrey.
260 ## - PUBLICATION, DISTRIBUTION, ETC. (IMPRINT)
Place of publication, distribution, etc United States :
Name of publisher, distributor, etc Max,
Date of publication, distribution, etc 2024.
300 ## - PHYSICAL DESCRIPTION
Extent 1 videofile, (ca. 99 mins.) :
Other physical details sound, color.
520 ## - SUMMARY, ETC.
Summary, etc In Louisiana, near the border of Texas, the mother of the young man Paris has a seizure and falls off a bridge while driving her car with her son. He saves himself but is not able to rescue his mother that disappears in Caddo Lake. In a house near the lake, the rebel teenager Ellie lives with her mother Celeste, her stepfather Daniel and her eight-year-old stepsister Anna. Ellie has arguments with her mother because of her father that she never knew and questions whether he really died. When Anna disappears in Caddo Lake, Sheriff Mark Taylor organizes a search party to look for her in the lake. Meanwhile Paris is researching why his mother had seizures when the water level is low in the lake. Ellie decides to look for Anna in the lake and finds a mystery in the lake.
650 ## - SUBJECT ADDED ENTRY--TOPICAL TERM
Topical term or geographic name as entry element Time Travel.
650 ## - SUBJECT ADDED ENTRY--TOPICAL TERM
Topical term or geographic name as entry element Drama.
650 ## - SUBJECT ADDED ENTRY--TOPICAL TERM
Topical term or geographic name as entry element Mystery.
650 ## - SUBJECT ADDED ENTRY--TOPICAL TERM
Topical term or geographic name as entry element Thriller.
700 ## - ADDED ENTRY--PERSONAL NAME
Personal name O’Brien, Dylan, star.
700 ## - ADDED ENTRY--PERSONAL NAME
Personal name Scanlen, Eliza , star.
700 ## - ADDED ENTRY--PERSONAL NAME
Personal name Hopper, Diana, star.
700 ## - ADDED ENTRY--PERSONAL NAME
Personal name Falk, Caroline, star.
700 ## - ADDED ENTRY--PERSONAL NAME
Personal name Hennings, Sam, star.
700 ## - ADDED ENTRY--PERSONAL NAME
Personal name Lange, Eric, star.
700 ## - ADDED ENTRY--PERSONAL NAME
Personal name Ambrose, Lauren, star.
700 ## - ADDED ENTRY--PERSONAL NAME
Personal name Meyer, Lowell A., cinematographer.
700 ## - ADDED ENTRY--PERSONAL NAME
Personal name George, Logan, editor.
942 ## - ADDED ENTRY ELEMENTS (KOHA)
Source of classification or shelving scheme
Item type Audio-Visual Materials
Holdings
Source of acquisition Price effective from Permanent location Date last seen Not for loan Date acquired Source of classification or shelving scheme Koha item type Collection code Shelving location Damaged status Lost status Withdrawn status Current location Full call number
Donation2025-05-28Cagayan State University - Carig Library2025-05-28 2025-05-28 Audio-Visual MaterialsElectronic Media CenterElectronic Media Center   Cagayan State University - Carig Library791.4372 C121 2024

Cagayan State University University Library, Carig Campus
Tuguegarao City, Cagayan 3500 | www.csucarig.edu.ph

Powered by Koha